LIBRARY & INFORMATION CENTRE, KCAET, TAVANUR

ONLINE PUBLIC ACCESS CATALOGUE (OPAC)

Borradaile`s Manual of Elementary Zoology / (Record no. 5544)

MARC details
000 -LEADER
fixed length control field 00312cam a2200121ua 4500
082 ## - DEWEY DECIMAL CLASSIFICATION NUMBER
Classification number 028.72591
Item number BOR/BO
100 ## - MAIN ENTRY--AUTHOR NAME
Personal name Borradaile, .
245 ## - TITLE STATEMENT
Title Borradaile`s Manual of Elementary Zoology /
250 ## - EDITION STATEMENT
Edition statement 14 /
260 ## - PUBLICATION, DISTRIBUTION, ETC. (IMPRINT)
Place of publication London :
Name of publisher Oxford University Press ,
Year of publication 1963.
300 ## - PHYSICAL DESCRIPTION
Number of Pages 780 ; .
942 ## - ADDED ENTRY ELEMENTS (KOHA)
Koha item type Books
Holdings
Withdrawn status Lost status Damaged status Home library Current library Date acquired Full call number Accession Number Koha item type
      KAUAET KAUAET 07/04/2012 028.72591 5067 Reference
free website counter